Managerial Economics (Record no. 1098)

MARC details
000 -LEADER
fixed length control field 00396nam a22001577a 4500
005 - DATE AND TIME OF LATEST TRANSACTION
control field 20180321115623.0
008 - FIXED-LENGTH DATA ELEMENTS--GENERAL INFORMATION
fixed length control field 160519b xxu||||| |||| 00| 0 eng d
041 ## - LANGUAGE CODE
Language code of text/sound track or separate title eng
082 ## - DEWEY DECIMAL CLASSIFICATION NUMBER
Item number 3221
Classification number 338.5024658
100 ## - MAIN ENTRY--AUTHOR NAME
Personal name Mithani/D.M. Dr.
245 ## - TITLE STATEMENT
Title Managerial Economics
260 ## - PUBLICATION, DISTRIBUTION, ETC. (IMPRINT)
Place of publication New Delhi
Name of publisher Himalaya Publishing House,
Year of publication 2010
300 ## - PHYSICAL DESCRIPTION
Number of Pages 639
650 ## - SUBJECT ADDED ENTRY--TOPICAL TERM
Topical Term Management
942 ## - ADDED ENTRY ELEMENTS (KOHA)
Koha item type Books
Holdings
Lost status Damaged status Collection code Home library Current library Shelving location Date acquired Cost, normal purchase price Full call number Accession Number Koha item type
    MANAGEMENT JRU Library JRU Library SHELF-60-A 19/05/2016 395.00 338.502 465 8 3221 Books
    MANAGEMENT JRU Library JRU Library SHELF-60-A 19/05/2016 395.00 338.502 465 8 3222 Books
    MANAGEMENT JRU Library JRU Library SHELF-31-J 19/05/2016 395.00 338.502 465 8 3223 Books
    Reference JRU Library   SHELF-30-D 19/05/2016 395.00 338.502 465 8 3224 Books
    MANAGEMENT JRU Library JRU Library SHELF-60-A 19/05/2016 395.00 338.502 465 8 3225 Books